[Event "LTU-ch"]
[Site "Vilnius"]
[Date "2017.02.26"]
[Round "2"]
[White "Jeriominas, Jurijus"]
[Black "Juksta, Karolis"]
[Result "0-1"]
[WhiteElo "1456"]
[BlackElo "2039"]
[PlyCount "88"]
[EventDate "2017.02.25"]
[EventType "swiss"]
[EventRounds "9"]
[EventCountry "LTU"]
[SourceTitle "CBM 177 Extra"]
[Source "ChessBase"]
[SourceDate "2017.04.27"]
[SourceVersion "1"]
[SourceVersionDate "2017.04.27"]
[SourceQuality "1"]

1. d4 e6 2. c4 f5 3. Nc3 Nf6 4. Nf3 Bb4 5. a3 Bxc3+ 6. bxc3 0-0 7. Nd2 b6 8. f3 f4 9. Qc2 Nh5 10. Ne4 d5 11. Nf2 dxc4 12. e4 fxe3 13. Bxe3 Qd5 14. Qe4 Nf6 15. Qe5 Qxe5 16. dxe5 Nd5 17. Bd2 Nc6 18. Bxc4 Nxe5 19. Bxd5 exd5 20. 0-0 Nc4 21. Bg5 h6 22. Bh4 Ne3 23. Rfc1 Nf5 24. Bg3 Nxg3 25. hxg3 Ba6 26. Re1 Rae8 27. Ng4 h5 28. Ne3 c6 29. Kf2 Re5 30. Nc2 Rfe8 31. Rxe5 Rxe5 32. Re1 Rxe1 33. Kxe1 Kf7 34. Nd4 c5 35. Nc2 Ke6 36. Kf2 Bd3 37. Ne3 d4 38. cxd4 cxd4 39. Nd1 Kd5 40. Nb2 Bc4 41. f4 b5 42. Kf3 a5 43. Nd1 b4 44. axb4 a4 0-1

[Event "LTU-ch sf"]
[Site "Vilnius"]
[Date "2016.03.10"]
[Round "7"]
[White "Jeriominas, Jurijus"]
[Black "Posaskov, Nikita"]
[Result "1-0"]
[WhiteElo "1456"]
[BlackElo "1499"]
[PlyCount "98"]
[EventDate "2016.03.06"]
[EventType "swiss"]
[EventRounds "8"]
[EventCountry "LTU"]
[SourceTitle "CBM 171 Extra"]
[Source "ChessBase"]
[SourceDate "2016.04.26"]
[SourceVersion "1"]
[SourceVersionDate "2016.04.26"]
[SourceQuality "1"]

1. d4 Nf6 2. c4 g6 3. Nf3 Bg7 4. Nc3 d6 5. e4 0-0 6. Bd3 Nbd7 7. 0-0 e6 8. Be3 b6 9. h3 c5 10. e5 dxe5 11. dxe5 Ne8 12. Be4 Rb8 13. Bf4 Bb7 14. Qe2 a6 15. Rad1 Qc7 16. Bxb7 Rxb7 17. Rfe1 h6 18. h4 Nb8 19. Rd3 Nc6 20. Qd2 Kh7 21. Ne4 Na5 22. b3 Nc6 23. Nf6+ Kh8 24. Bxh6 Nxe5 25. Nxe5 Nxf6 26. Bxg7+ Kxg7 27. Qe2 Nh5 28. Qg4 Nf6 29. Qg5 Nh7 30. Qg4 Nf6 31. Qf3 Rbb8 32. g4 Rfd8 33. Rde3 Re8 34. h5 gxh5 35. gxh5 Rg8 36. Kf1 Kf8 37. Qxf6 Qb7 38. Ke2 b5 39. Rd1 bxc4 40. Rd8+ Rxd8 41. Qxd8+ Kg7 42. Rg3+ Kh6 43. Qf6+ Kh7 44. Rxg8 Qe4+ 45. Kf1 Qh1+ 46. Rg1 Qh3+ 47. Ke2 Qxh5+ 48. Kd2 c3+ 49. Kxc3 Qf5 1-0

[Event "LTU-ch sf"]
[Site "Vilnius"]
[Date "2016.03.09"]
[Round "5"]
[White "Muzas, Kestutis"]
[Black "Jeriominas, Jurijus"]
[Result "1-0"]
[WhiteElo "1654"]
[BlackElo "1456"]
[PlyCount "123"]
[EventDate "2016.03.06"]
[EventType "swiss"]
[EventRounds "8"]
[EventCountry "LTU"]
[SourceTitle "CBM 171 Extra"]
[Source "ChessBase"]
[SourceDate "2016.04.26"]
[SourceVersion "1"]
[SourceVersionDate "2016.04.26"]
[SourceQuality "1"]

1. e4 e6 2. d4 d5 3. Nd2 dxe4 4. Nxe4 Nf6 5. Nxf6+ Qxf6 6. Nf3 h6 7. Bd3 Bd6 8. 0-0 0-0 9. Re1 Nc6 10. c3 Bd7 11. Bd2 Rfe8 12. Qc2 Qd8 13. Rad1 Nb8 14. Ne5 Bxe5 15. dxe5 Qe7 16. Bf4 Qh4 17. Bc1 Bc6 18. Re3 Nd7 19. Rh3 Qg4 20. Rg3 Qh4 21. Re1 Nc5 22. Bf1 Be4 23. Qd1 Rad8 24. Bd2 Rd7 25. Rg4 Qd8 26. Re2 Kf8 27. Qc1 Bg6 28. Be1 Bh5 29. Qe3 Qe7 30. Rg3 Rd3 31. Qf4 Rxg3 32. Qxg3 Bxe2 33. Bxe2 Ne4 34. Qf3 Nc5 35. Bd2 Rd8 36. Be3 b6 37. g4 Qd7 38. g5 hxg5 39. Bxg5 Qd5 40. Qh5 Ke8 41. Qh8+ Kd7 42. Qxd8+ Kc6 43. Qxd5+ Kxd5 44. Bf4 Na4 45. Bc1 Kxe5 46. Bd3 c6 47. Kg2 f5 48. h4 g6 49. Kf3 Nc5 50. Bc2 a5 51. Be3 Nd7 52. Bd4+ Kd6 53. a4 e5 54. Be3 c5 55. Bd2 Nf6 56. b4 cxb4 57. cxb4 e4+ 58. Ke2 axb4 59. Bxb4+ Kd5 60. Bc3 Nh5 61. Bb3+ Kc5 62. Bf7 1-0

[Event "LTU-ch sf"]
[Site "Vilnius"]
[Date "2016.03.08"]
[Round "4"]
[White "Jeriominas, Jurijus"]
[Black "Bucinskas, Lukas"]
[Result "0-1"]
[WhiteElo "1456"]
[BlackElo "1890"]
[PlyCount "88"]
[EventDate "2016.03.06"]
[EventType "swiss"]
[EventRounds "8"]
[EventCountry "LTU"]
[SourceTitle "CBM 171 Extra"]
[Source "ChessBase"]
[SourceDate "2016.04.26"]
[SourceVersion "1"]
[SourceVersionDate "2016.04.26"]
[SourceQuality "1"]

1. d4 Nf6 2. Bg5 Ne4 3. h4 h6 4. Bf4 d5 5. Nd2 Bf5 6. f3 Nd6 7. g4 Bh7 8. Nb3 Nc4 9. Qc1 e6 10. e3 Bd6 11. Nh3 Qxh4+ 12. Nf2 Qd8 13. Bxc4 dxc4 14. Na5 Bb4+ 15. c3 Bxa5 16. e4 Bg6 17. g5 h5 18. Ng4 Nd7 19. Qc2 c6 20. Ne3 Bc7 21. Qh2 Bxf4 22. Qxf4 Qb8 23. e5 b5 24. a3 Nb6 25. Qh2 Nd5 26. Nxd5 cxd5 27. Qd2 a5 28. Kf2 Qb7 29. Kg3 Rb8 30. Kh4 0-0 31. Rhf1 b4 32. axb4 axb4 33. Ra2 Ra8 34. Rfa1 Rxa2 35. Rxa2 bxc3 36. bxc3 Qb1 37. Kg3 Qg1+ 38. Kf4 Rb8 39. Rb2 Rxb2 40. Qxb2 h4 41. Qe2 Qg3+ 42. Ke3 Qxg5+ 43. f4 Qg3+ 44. Kd2 Qxf4+ 0-1

[Event "EU Amateur-ch"]
[Site "Kaunas"]
[Date "2015.08.09"]
[Round "1"]
[White "Zygmanta, Eugenijus"]
[Black "Jeriominas, Jurijus"]
[Result "1-0"]
[WhiteElo "1947"]
[BlackElo "1490"]
[PlyCount "75"]
[EventDate "2015.08.09"]
[EventType "swiss"]
[EventRounds "9"]
[EventCountry "LTU"]
[SourceTitle "CBM 167 Extra"]
[Source "ChessBase"]
[SourceDate "2015.09.14"]
[SourceVersion "1"]
[SourceVersionDate "2015.09.14"]
[SourceQuality "1"]

1. e4 e5 2. Nc3 Nc6 3. Nf3 Nf6 4. Bb5 d6 5. d4 Bd7 6. 0-0 Be7 7. Re1 0-0 8. Bxc6 Bxc6 9. dxe5 Nd7 10. Bf4 dxe5 11. Nxe5 Nxe5 12. Bxe5 Bd6 13. Bxd6 cxd6 14. Qd4 Re8 15. Rad1 Re6 16. Re3 Qe7 17. Nd5 Bxd5 18. exd5 Rxe3 19. Qxe3 Re8 20. Re1 Kf8 21. Kf1 b6 22. Qxe7+ Rxe7 23. Rxe7 Kxe7 24. Ke2 Kf6 25. f4 h5 26. Kf3 Kf5 27. c4 f6 28. g3 g5 29. h3 Kg6 30. Ke4 f5+ 31. Ke3 g4 32. h4 Kf7 33. b4 Ke7 34. Kd4 a6 35. c5 b5 36. cxd6+ Kd8 37. Ke5 Kd7 38. a3 1-0

[Event "LTU-ch sf"]
[Site "Vilnius"]
[Date "2015.02.22"]
[Round "6"]
[White "Zebelis, Rimantas"]
[Black "Jeriominas, Jurijus"]
[Result "1-0"]
[WhiteElo "1791"]
[BlackElo "1520"]
[PlyCount "50"]
[EventDate "2015.02.18"]
[EventType "swiss"]
[EventRounds "8"]
[EventCountry "LTU"]
[SourceTitle "CBM 165 Extra"]
[Source "ChessBase"]
[SourceDate "2015.04.21"]
[SourceVersion "1"]
[SourceVersionDate "2015.04.21"]
[SourceQuality "1"]

1. d4 b6 2. e4 Bb7 3. Bd3 e6 4. Nf3 c5 5. c3 Nc6 6. d5 Nb8 7. Qe2 Be7 8. c4 exd5 9. exd5 d6 10. 0-0 f6 11. Nc3 a6 12. a4 Nd7 13. Qc2 Ne5 14. Nxe5 fxe5 15. Bxh7 Kd7 16. a5 Rxh7 17. Qxh7 Qf8 18. Qh3+ Kc7 19. axb6+ Kxb6 20. f4 Bc8 21. Qf3 e4 22. Nxe4 Bf5 23. b4 Bxe4 24. bxc5+ dxc5 25. Qxe4 Bf6 1-0

[Event "LTU-ch sf"]
[Site "Vilnius"]
[Date "2015.02.21"]
[Round "4"]
[White "Jeriominas, Jurijus"]
[Black "Karpiejus, Edvardas"]
[Result "1-0"]
[WhiteElo "1520"]
[BlackElo "1415"]
[PlyCount "71"]
[EventDate "2015.02.18"]
[EventType "swiss"]
[EventRounds "8"]
[EventCountry "LTU"]
[SourceTitle "CBM 165 Extra"]
[Source "ChessBase"]
[SourceDate "2015.04.21"]
[SourceVersion "1"]
[SourceVersionDate "2015.04.21"]
[SourceQuality "1"]

1. b4 d5 2. Bb2 Nf6 3. e3 Bf5 4. Nf3 e6 5. c4 Nc6 6. a3 dxc4 7. Bxc4 Bd3 8. Qb3 Bxc4 9. Qxc4 Be7 10. d4 0-0 11. Nbd2 a6 12. 0-0 Re8 13. Rad1 Na7 14. e4 c6 15. Qc2 Rc8 16. Nb3 b6 17. Rc1 Qd7 18. Qe2 Qb7 19. Ne1 h6 20. f3 Red8 21. Nc2 Rb8 22. Ne3 Rbc8 23. Kh1 Nd7 24. Ng4 Nf6 25. Ne3 Nd7 26. Ng4 Nf6 27. f4 Rc7 28. d5 exd5 29. Bxf6 Bxf6 30. Nxf6+ gxf6 31. Rc3 Rcd7 32. Qg4+ Kf8 33. e5 Qc8 34. exf6 Rd6 35. Qg7+ Ke8 36. Nd4 1-0

[Event "LTU-ch sf"]
[Site "Vilnius"]
[Date "2015.02.19"]
[Round "2"]
[White "Jeriominas, Jurijus"]
[Black "Diciunas, Valdas"]
[Result "1/2-1/2"]
[WhiteElo "1520"]
[BlackElo "1802"]
[PlyCount "86"]
[EventDate "2015.02.18"]
[EventType "swiss"]
[EventRounds "8"]
[EventCountry "LTU"]
[SourceTitle "CBM 165 Extra"]
[Source "ChessBase"]
[SourceDate "2015.04.21"]
[SourceVersion "1"]
[SourceVersionDate "2015.04.21"]
[SourceQuality "1"]

1. b4 e5 2. Bb2 f6 3. e4 Bxb4 4. Bc4 Ne7 5. f4 exf4 6. Nh3 Ng6 7. Qh5 Qe7 8. e5 Nc6 9. Nxf4 Ncxe5 10. Nxg6 Nxg6+ 11. Kd1 Qc5 12. Re1+ Kd8 13. Qxc5 Bxc5 14. Bf7 c6 15. d4 Bb4 16. c3 Be7 17. Ba3 Bxa3 18. Nxa3 Rf8 19. Bxg6 hxg6 20. Nc4 d5 21. Ne3 Re8 22. Kd2 Bd7 23. c4 dxc4 24. Nxc4 Kc7 25. h3 Rxe1 26. Rxe1 Re8 27. Rb1 Be6 28. Rxb7+ Kxb7 29. Nd6+ Kb6 30. Nxe8 Bxa2 31. Nxg7 Bf7 32. h4 c5 33. dxc5+ Kxc5 34. g4 Kd4 35. h5 gxh5 36. gxh5 Ke5 37. Ke3 a5 38. h6 Bg6 39. Kd2 Kf4 40. Ne6+ Kf5 41. Nf8 Kg5 42. h7 Bxh7 43. Nxh7+ Kg6 1/2-1/2

[Event "Vilnius op"]
[Site "Vilnius"]
[Date "2014.11.21"]
[Round "3"]
[White "Jeriominas, Jurijus"]
[Black "Janulynas, Jonas"]
[Result "0-1"]
[WhiteElo "1504"]
[BlackElo "1777"]
[PlyCount "78"]
[EventDate "2014.11.19"]
[EventType "swiss"]
[EventRounds "9"]
[EventCountry "LTU"]
[SourceTitle "CBM 163 Extra"]
[Source "ChessBase"]
[SourceDate "2014.12.23"]
[SourceVersion "1"]
[SourceVersionDate "2014.12.23"]
[SourceQuality "1"]

1. b4 e5 2. Bb2 f6 3. e4 Bxb4 4. Bc4 Nc6 5. Qh5+ g6 6. Qh4 Qe7 7. Ne2 d6 8. Nbc3 f5 9. Qg3 Nf6 10. Nd5 Bxd2+ 11. Kxd2 Nxe4+ 12. Ke1 Nxg3 13. Nxe7 Nxh1 14. Nxc8 Rxc8 15. f3 Na5 16. Be6 Rd8 17. Nc3 c6 18. Bb3 d5 19. Na4 d4 20. Ke2 Nxb3 21. axb3 Rd5 22. Ba3 b6 23. Rxh1 Kf7 24. Nb2 Re8 25. Nc4 Re6 26. h4 h5 27. Rf1 c5 28. Bc1 e4 29. Bg5 d3+ 30. Kd2 dxc2+ 31. Kxc2 exf3 32. Rf2 Re2+ 33. Rxe2 fxe2 34. Bd2 b5 35. Ne3 Re5 36. Kd3 c4+ 37. bxc4 bxc4+ 38. Kd4 Re4+ 39. Kc3 Rxe3+ 0-1

[Event "Vilnius op"]
[Site "Vilnius"]
[Date "2014.11.19"]
[Round "1"]
[White "Jeriominas, Jurijus"]
[Black "Valantiejus, Vaidotas"]
[Result "0-1"]
[WhiteElo "1504"]
[BlackElo "2059"]
[PlyCount "54"]
[EventDate "2014.11.19"]
[EventType "swiss"]
[EventRounds "9"]
[EventCountry "LTU"]
[SourceTitle "CBM 163 Extra"]
[Source "ChessBase"]
[SourceDate "2014.12.23"]
[SourceVersion "1"]
[SourceVersionDate "2014.12.23"]
[SourceQuality "1"]

1. b4 e5 2. Bb2 Bxb4 3. Bxe5 Nf6 4. c4 0-0 5. e3 Re8 6. Bb2 d5 7. Nf3 c5 8. Be2 Nc6 9. cxd5 Nxd5 10. 0-0 Bg4 11. a3 Ba5 12. Qa4 Qd7 13. Rd1 Nd4 14. Qxa5 Nxe2+ 15. Kf1 Bxf3 16. gxf3 Qh3+ 17. Kxe2 Nf4+ 18. Ke1 Qxf3 19. Qb5 Ng2+ 20. Kf1 Nxe3+ 21. dxe3 Rxe3 22. Qxb7 Qxb7 23. fxe3 Qb3 24. Ke1 Qxe3+ 25. Kf1 Qf3+ 26. Ke1 Re8+ 27. Kd2 Rd8+ 0-1

[Event "Vilnius-ch final"]
[Site "Vilnius"]
[Date "2012.12.30"]
[Round "4"]
[White "Misiuk, Emilija"]
[Black "Jeriominas, Jurijus"]
[Result "1-0"]
[WhiteElo "1498"]
[BlackElo "1545"]
[PlyCount "78"]
[EventDate "2012.12.29"]
[EventType "swiss"]
[EventRounds "4"]
[EventCountry "LTU"]
[SourceTitle "EXT 2014"]
[Source "ChessBase"]
[SourceDate "2013.11.20"]
[SourceVersion "1"]
[SourceVersionDate "2013.11.20"]
[SourceQuality "1"]

1. d4 d5 2. c4 e6 3. Nc3 Nf6 4. Bg5 Be7 5. Nf3 c6 6. e3 0-0 7. Bd3 Nbd7 8. 0-0 Ne8 9. Bf4 Ndf6 10. cxd5 exd5 11. Re1 Bg4 12. h3 Bh5 13. Bc2 Bd6 14. Bg5 Qd7 15. e4 dxe4 16. Nxe4 Nxe4 17. Bxe4 Bg6 18. Bxg6 hxg6 19. d5 f6 20. Be3 g5 21. dxc6 Qxc6 22. Qb3+ Kh8 23. Nd4 Qd7 24. Ne6 Rf7 25. Nc5 Bxc5 26. Bxc5 Qc7 27. Re2 Rd7 28. Rae1 Qxc5 29. Rxe8+ Rxe8 30. Rxe8+ Kh7 31. Qf3 Qc1+ 32. Kh2 Qc7+ 33. g3 Kg6 34. Rh8 Kf7 35. Qh5+ Ke7 36. Re8+ Kd6 37. Qd1+ Kc5 38. Qc2+ Kd5 39. Qf5+ Kc6 1-0